000 00389nam a22001337a 4500
020 _a9781118018194
082 _a371.3344678 CON
100 _aConrad, Rita-Marie
245 _a Engaging the online learner : activities and resources for creative instruction
260 _aUSA
_bJossey-Bass
_c2011
300 _axi, 139p.:
_e22 cm
650 _aComputer-assisted instruction
942 _cBK
999 _c12831
_d12831